000 00288nam a22000977a 4500
008 150824b xxu||||| |||| 00| 0 eng d
082 _a307.76 SCH
100 _aSCHUCHTER, ARNOLD
245 _aWHITE POWER/ BLACK FREEDOM PLANNING THE FUTURE OF URBAN AMERICA
260 _aBOSTON
_bBEACON PRESS
_c1968
999 _c502
_d502